Excelencia deportiva: optimizar la actuación en los deportes utilizando PNL -Programación Neurolingüística
Guardat en:
| Autor principal: | |
|---|---|
| Format: | Llibre |
| Idioma: | espanyol |
| Publicat: |
Barcelona
Paidotribo
2007
|
| Edició: | 1a. ed |
| Col·lecció: | Colección Entrenamiento Psicológico
|
| Matèries: | |
| Etiquetes: |
Afegir etiqueta
Sense etiquetes, Sigues el primer a etiquetar aquest registre!
|
MARC
| LEADER | 00000nam a2200000 a 4500 | ||
|---|---|---|---|
| 001 | UCG4568 | ||
| 003 | CL-VaPUC | ||
| 008 | 101111e20070000SP |||||||||||||||||spa|d | ||
| 020 | |a 9788480197045 | ||
| 082 | 0 | 4 | |a 796.077 |b GAR |2 21 |
| 100 | |a Garratt, Ted |e author |9 553918 | ||
| 245 | 1 | 0 | |a Excelencia deportiva: optimizar la actuación en los deportes utilizando PNL -Programación Neurolingüística |
| 250 | |a 1a. ed | ||
| 300 | |a 182 p | ||
| 942 | |c BK | ||
| 945 | |d 20101111 00:00:00 |a mfarfan | ||
| 260 | |a Barcelona |b Paidotribo |c 2007 | ||
| 650 | 7 | |a ENTRENAMIENTO DEPORTIVO |2 CL-VaPUC |9 553919 | |
| 650 | 0 | |a Aspectos psicológicos |9 258128 | |
| 650 | 0 | |a Competitividad |9 308495 | |
| 650 | 7 | |a RENDIMIENTO DEPORTIVO |2 CL-VaPUC |9 432769 | |
| 650 | 0 | |a Desarrollo mental |9 313003 | |
| 583 | |a last modification |c 20101111 00:00:00 |k Rodrigo Vera | ||
| 490 | 0 | |a Colección Entrenamiento Psicológico | |
| 999 | |c 343266 |d 343264 | ||
| 952 | |0 0 |1 0 |4 0 |6 796_077000000000000_GAR_2007 |7 0 |8 A |9 440438 |a BIBEDU |b BIBEDU |d 2019-11-22 |i 4732693 |o 796.077 GAR 2007 |p 4732693 |r 2019-11-22 |w 2019-11-22 |y BK |k EFI | ||